Diseǫ y planeamiento p̤timo de cadenas de suministros considerando la performance de los procesos
Sábháilte in:
| Rannpháirtithe: | |
|---|---|
| Formáid: | LEABHAR |
| Teanga: | Spáinnis |
| Ábhair: | |
| Rochtain ar líne: | Diseǫ y planeamiento p̤timo de cadenas de suministros considerando la performance de los procesos |
| Clibeanna: |
Cuir clib leis
Níl clibeanna ann, Bí ar an gcéad duine le clib a chur leis an taifead seo!
|
MARC
| LEADER | 00000nam a22000004a 4500 | ||
|---|---|---|---|
| 001 | vpro9893 | ||
| 005 | 20201223000000.0 | ||
| 008 | 160430s2016 ck # g## #001 0#spa#d | ||
| 020 | |||
| 022 | |||
| 040 | |a CO-BoINGC | ||
| 041 | 0 | |a spa | |
| 245 | 1 | 0 | |a Diseǫ y planeamiento p̤timo de cadenas de suministros considerando la performance de los procesos |
| 246 | |a Design and Optimal Planning of Supply Chain Taking into Account Process Performance | ||
| 264 | |a Bogot ̀(Colombia) : |b Revista VirtualPRO, |c 2016 | ||
| 520 | 3 | ||
| 650 | \ | \ | |a LogƯ̕stica |
| 650 | \ | \ | |a Logistics |
| 650 | \ | \ | |a logs̕tica |
| 650 | \ | \ | |a cadena de suministro |
| 650 | \ | \ | |a gestin̤ de cadena de suministro |
| 650 | \ | \ | |a logistics |
| 650 | \ | \ | |a supply chain |
| 650 | \ | \ | |a supply chain management |
| 700 | \ | \ | |a Canal CEM EPN / YouTube |
| 856 | |z Diseǫ y planeamiento p̤timo de cadenas de suministros considerando la performance de los procesos |u https://virtualpro.unach.elogim.com/biblioteca/diseno-y-planeamiento-optimo-de-cadenas-de-suministros-considerando-la-performance-de-los-procesos | ||